000 00303nam a22001097a 4500
008 230704b xxu||||| |||| 00| 0 eng d
082 _a341
_bCMS 2006
245 _aInvitation to the 7th International Conference of Chief Justices of the World
260 _aIndia
_c2006
300 _a252p
942 _2ddc
_cBK
999 _c3937
_d3937